[Event "TCh-CHN 2015"]
[Site "China CHN"]
[Date "2015.07.26"]
[Round "10.4"]
[Board "1"]
[White "Wen, Yang"]
[Black "Zhao, Yuanhe"]
[Result "1-0"]
[WhiteTitle "GM"]
[WhiteElo "2573"]
[BlackElo "2217"]
[WhiteTeam "Shandong"]
[BlackTeam "Chengdu"]
[WhiteFideId "8602956"]
[BlackFideId "8609497"]
[EventDate "2015.04.10"]

1. c4 Nf6 2. g3 c5 3. Bg2 Nc6 4. Nf3 g6 5. O-O d6 6. Nc3 Bg7 7. d4 cxd4 8. Nxd4
Bd7 9. Nxc6 Bxc6 10. e4 O-O 11. Be3 Nd7 12. Rc1 a5 13. b3 Nc5 14. Re1 Re8 15.
Qd2 h5 16. Rcd1 Qb6 17. Nd5 Bxd5 18. Qxd5 Bc3 19. Rf1 Rac8 20. h4 Qc6 21. Bh3
Rc7 22. Rc1 Bg7 23. Bg2 Rec8 24. Qd2 Qa6 25. Qe2 Rb8 26. g4 hxg4 27. Qxg4 Nd3
28. Rcd1 Ne5 29. Qg3 b5 30. c5 dxc5 31. Rd5 Qe6 32. Bh3 f5 33. Bf4 1-0

[Event "TCh-CHN 2015"]
[Site "China CHN"]
[Date "2015.07.26"]
[Round "10.4"]
[Board "2"]
[White "Zhao, Jun"]
[Black "Li, Di"]
[Result "1-0"]
[WhiteTitle "GM"]
[BlackTitle "FM"]
[WhiteElo "2621"]
[BlackElo "2277"]
[WhiteTeam "Shandong"]
[BlackTeam "Chengdu"]
[WhiteFideId "8602522"]
[BlackFideId "8607508"]
[EventDate "2015.04.10"]

1. e4 c5 2. Nf3 e6 3. b3 b6 4. d4 cxd4 5. Nxd4 Bb7 6. Nb5 Bxe4 7. N1c3 Bb7 8.
Bf4 Qf6 9. Nc7+ Kd8 10. Qd2 h6 11. Rd1 Bb4 12. N7b5 Ne7 13. Bc7+ Ke8 14. Bd6
Bxc3 15. Nxc3 Nf5 16. Nb5 Na6 17. Ba3 Qe5+ 18. Be2 d5 19. f4 Qe4 20. O-O Kd7 21.
Rf3 Nh4 22. Nd6 Nxf3+ 23. Bxf3 Qg6 24. Nxb7 Nc7 25. c4 1-0

[Event "TCh-CHN 2015"]
[Site "China CHN"]
[Date "2015.07.26"]
[Round "10.4"]
[Board "3"]
[White "Liu, Qingnan"]
[Black "Liu, Guanchu"]
[Result "1-0"]
[WhiteTitle "IM"]
[BlackTitle "IM"]
[WhiteElo "2510"]
[BlackElo "2379"]
[WhiteTeam "Shandong"]
[BlackTeam "Chengdu"]
[WhiteFideId "8603294"]
[BlackFideId "8603901"]
[EventDate "2015.04.10"]

1. e4 e6 2. g3 d5 3. Nc3 dxe4 4. Nxe4 Bd7 5. Nf3 Bc6 6. d3 Nf6 7. Qe2 Nbd7 8.
Bg2 Be7 9. Bf4 O-O 10. O-O-O a5 11. Nd4 Bd5 12. c4 Bxe4 13. dxe4 e5 14. Nf5 exf4
15. e5 Bb4 16. gxf4 g6 17. Bh3 Qe8 18. a3 Bc5 19. Qf3 Kh8 20. exf6 Nxf6 21. Qc3
Ra6 22. Rhe1 Qc6 23. Rd6 Qxd6 24. Nxd6 Rxd6 25. Rd1 Rfd8 26. Rxd6 Rxd6 27. Qxa5
b6 28. Qa7 Bxf2 29. Qxc7 Be3+ 30. Kb1 Rd1+ 31. Ka2 Kg8 32. Qe5 Bd4 33. Qe2 Rh1
34. Bc8 Kg7 35. Bb7 Rg1 36. Qd2 Bc5 37. b4 1-0

[Event "TCh-CHN 2015"]
[Site "China CHN"]
[Date "2015.07.26"]
[Round "10.4"]
[Board "4"]
[White "Ren, Xiaoyi"]
[Black "Xu, Huahua"]
[Result "1-0"]
[BlackTitle "WIM"]
[WhiteElo "2211"]
[BlackElo "2105"]
[WhiteTeam "Chengdu"]
[BlackTeam "Shandong"]
[WhiteFideId "8608709"]
[BlackFideId "8604096"]
[EventDate "2015.04.10"]

1. d4 d5 2. Nf3 Nf6 3. c4 c6 4. e3 g6 5. Nc3 Bg7 6. b3 O-O 7. Be2 Bf5 8. O-O Ne4
9. Bb2 Nxc3 10. Bxc3 Nd7 11. Rc1 Re8 12. Nh4 Nf6 13. Nxf5 gxf5 14. Bd3 e6 15.
Qe2 Ne4 16. Bb2 Qg5 17. f3 Nf6 18. Rce1 Rad8 19. c5 Kh8 20. b4 a6 21. a4 Nh5 22.
f4 Qg6 23. Rf3 Nf6 24. Rb1 Rg8 25. Bc3 Ne4 26. Be1 Bf6 27. Bxe4 fxe4 28. Rg3 Qf5
29. Rxg8+ Rxg8 30. b5 axb5 31. axb5 Qg6 32. bxc6 bxc6 33. h3 h5 34. Rb6 Rc8 35.
Qa6 Rg8 36. Rb2 Qf5 37. Kh1 Bxd4 38. exd4 Qxf4 39. Qe2 Qg5 40. Bd2 Qg6 41. Bf4
Qf5 42. Bd6 Kh7 43. Qe3 Qg6 44. Rf2 Ra8 45. Be5 f5 46. Rb2 Qf7 47. Rb6 Rc8 48.
Qb3 Kh6 49. Rb7 1-0

[Event "TCh-CHN 2015"]
[Site "China CHN"]
[Date "2015.07.26"]
[Round "10.4"]
[Board "5"]
[White "Li, Yunshan"]
[Black "Xiao, Yiyi"]
[Result "1/2-1/2"]
[WhiteTitle "WFM"]
[BlackTitle "WFM"]
[WhiteElo "1916"]
[BlackElo "2218"]
[WhiteTeam "Chengdu"]
[BlackTeam "Shandong"]
[WhiteFideId "8607664"]
[BlackFideId "8606161"]
[EventDate "2015.04.10"]

1. d4 Nf6 2. c4 g6 3. Nc3 Bg7 4. e4 d6 5. Nf3 O-O 6. Be2 c5 7. d5 e6 8. O-O exd5
9. exd5 Re8 10. h3 Bf5 11. Bd3 Ne4 12. Nxe4 Bxe4 13. Bxe4 Rxe4 14. Qc2 Qe7 15.
Bg5 Re2 16. Qd3 Qe4 17. Qxe4 Rxe4 18. Rae1 Rxe1 19. Rxe1 Na6 20. Re7 b5 21. cxb5
Nb4 22. Rd7 Bxb2 23. Rxd6 c4 24. b6 axb6 25. Rxb6 Nd3 26. d6 f6 27. Be3 Kf7 28.
Rc6 Ke6 29. Rxc4 Rxa2 30. Rc6 Ra1+ 31. Kh2 g5 32. Rc7 Kxd6 33. Rxh7 Ne5 34. Nxe5
Bxe5+ 35. g3 Ke6 36. Kg2 Ra4 37. Kf3 Kf5 38. Rh6 Ra3 39. h4 gxh4 40. gxh4 Bd4
41. Rh5+ Kg6 42. Rd5 Bxe3 43. fxe3 Ra1 44. h5+ Kh6 45. Ke4 Rf1 46. Rf5 Re1 47.
Rxf6+ Kxh5 48. Kd4 Ra1 49. Rd6 Kg5 50. Ke5 Ra5+ 51. Rd5 Ra6 52. e4 Kg4 53. Rd6
Ra5+ 54. Kf6 Kf4 55. Re6 Rh5 56. e5 Rf5+ 57. Ke7 Rxe5 1/2-1/2

[Event "TCh-CHN 2015"]
[Site "China CHN"]
[Date "2015.07.26"]
[Round "10.5"]
[Board "2"]
[White "Zhou, Jianchao"]
[Black "Wan, Yunguo"]
[Result "1-0"]
[WhiteTitle "GM"]
[BlackTitle "IM"]
[WhiteElo "2578"]
[BlackElo "2477"]
[WhiteTeam "Shanghai"]
[BlackTeam "Heibei"]
[WhiteFideId "8603537"]
[BlackFideId "8603189"]
[EventDate "2015.04.10"]

1. c4 Nf6 2. Nf3 g6 3. Nc3 Bg7 4. e4 d6 5. d4 O-O 6. Be2 e5 7. O-O Nc6 8. d5 Ne7
9. Re1 a5 10. Rb1 Nh5 11. Nd2 Nf4 12. Bf1 h5 13. Nf3 Bf6 14. Bxf4 exf4 15. Qd2
g5 16. e5 dxe5 17. Nxe5 Nf5 18. c5 Re8 19. Nc4 Rxe1 20. Rxe1 Bd4 21. Ne4 Kf8 22.
d6 c6 23. Nb6 Rb8 24. Nxg5 Bxc5 25. d7 1-0

[Event "TCh-CHN 2015"]
[Site "China CHN"]
[Date "2015.07.26"]
[Round "10.5"]
[Board "3"]
[White "Xu, Yi"]
[Black "Wang, Rui"]
[Result "1-0"]
[WhiteTitle "FM"]
[BlackTitle "GM"]
[WhiteElo "2356"]
[BlackElo "2403"]
[WhiteTeam "Shanghai"]
[BlackTeam "Heibei"]
[WhiteFideId "8605564"]
[BlackFideId "8601003"]
[EventDate "2015.04.10"]

1. e4 e5 2. Nf3 Nc6 3. Bc4 Be7 4. d4 d6 5. h3 Nf6 6. Nc3 O-O 7. O-O h6 8. Re1 a6
9. a4 Re8 10. dxe5 Nxe5 11. Bb3 Bf8 12. Bf4 Ng6 13. Bh2 Be6 14. Bxe6 Rxe6 15.
Nd4 Re8 16. f4 c6 17. Kh1 Qa5 18. Nb3 Qc7 19. a5 Rad8 20. Qf3 Rd7 21. Nd4 Qd8
22. Nf5 Nh7 23. Qg4 Nf6 24. Qf3 Nh7 25. Qg4 Kh8 26. Bg1 Ne7 27. Bb6 Qc8 28. Ne3
d5 29. exd5 Nf6 30. Qh4 Nexd5 31. Nexd5 Nxd5 32. Bd4 Nb4 33. Rxe8 Qxe8 34. Re1
Qc8 35. Bb6 Nxc2 36. Re4 Nb4 37. Qe1 Nd3 38. Qe3 Rd6 39. Re8 Qf5 40. Rxf8+ Kh7
41. Qe4 Qxe4 42. Nxe4 Re6 43. Nc5 Re1+ 44. Kh2 1-0

[Event "TCh-CHN 2015"]
[Site "China CHN"]
[Date "2015.07.26"]
[Round "10.5"]
[Board "4"]
[White "Wang, Doudou"]
[Black "Zhang, Xiaowen"]
[Result "0-1"]
[WhiteTitle "WIM"]
[BlackTitle "WGM"]
[WhiteElo "2205"]
[BlackElo "2349"]
[WhiteTeam "Heibei"]
[BlackTeam "Shanghai"]
[WhiteFideId "8603197"]
[BlackFideId "8603219"]
[EventDate "2015.04.10"]

1. d4 Nf6 2. c4 e6 3. Nc3 d5 4. Nf3 Be7 5. cxd5 exd5 6. Bg5 c6 7. Qc2 Nbd7 8. e3
Nh5 9. Bxe7 Qxe7 10. Bd3 Nf4 11. O-O Nxd3 12. Qxd3 O-O 13. Rab1 a5 14. Qc2 Nf6
15. a3 g6 16. Rbc1 Bf5 17. Qd2 Rfe8 18. h3 h5 19. Na4 Ne4 20. Qe2 Kg7 21. Nc5
Nd6 22. Nd2 Bc8 23. Rfe1 Bf5 24. Rf1 Bc8 25. Rfe1 Nf5 26. Qf3 Qg5 27. Nf1 Nd6
28. Nd2 Bf5 29. Kh2 Qh4 30. Na4 Re7 31. Nc3 Rae8 32. Qg3 Qf6 33. Nf3 Nc4 34. b4
Nxa3 35. bxa5 Ra8 36. Nh4 Nc4 37. Qf4 Be6 38. Ra1 Rxa5 39. Rxa5 Nxa5 40. Ra1
Qxf4+ 41. exf4 Nb3 42. Rd1 b5 43. Kg3 Ra7 44. Nf3 b4 45. Ne2 Bf5 46. Ne5 Bc2 47.
Re1 Ra3 48. f3 Na5 49. Nc1 Ra1 50. Kf2 Rxc1 51. Rxc1 b3 52. Ra1 b2 53. Rxa5 b1=Q
54. Ra7 Qb6 55. Rxf7+ 0-1

[Event "TCh-CHN 2015"]
[Site "China CHN"]
[Date "2015.07.27"]
[Round "11.1"]
[Board "1"]
[White "Zhou, Weiqi"]
[Black "Mu, Ke"]
[Result "1-0"]
[WhiteTitle "GM"]
[WhiteElo "2627"]
[BlackElo "2392"]
[WhiteTeam "Chongqing"]
[BlackTeam "Qingdao"]
[WhiteFideId "8601674"]
[BlackFideId "8602778"]
[EventDate "2015.04.10"]

1. d4 Nf6 2. c4 g6 3. Nc3 d5 4. Nf3 Bg7 5. h4 dxc4 6. e4 c5 7. d5 b5 8. e5 Ng4
9. Bf4 O-O 10. Nxb5 Qa5+ 11. Nc3 Nd7 12. Qe2 Nb6 13. Qd2 Nd7 14. h5 Ndxe5 15.
Nxe5 Nxe5 16. hxg6 fxg6 17. Bh6 Bxh6 18. Qxh6 Rf7 19. Be2 Qb4 20. Qe3 Nd3+ 21.
Bxd3 Qxb2 22. Bxg6 Qxa1+ 23. Bb1 Bf5 24. O-O Qb2 25. Bxf5 Rxf5 26. Rb1 Qc2 27.
Rb7 Raf8 28. f3 Qd3 29. Rxe7 Kh8 30. Kf2 a5 31. Rc7 Qd4 32. Ne4 Qb2+ 33. Qe2
Qd4+ 34. Qe3 Rxd5 35. Qxd4+ Rxd4 36. Ke2 Rd5 37. Nxc5 Rb8 38. Ke3 Re8+ 39. Ne4
Rd3+ 40. Kf4 Ra3 41. Nf6 1-0

[Event "TCh-CHN 2015"]
[Site "China CHN"]
[Date "2015.07.27"]
[Round "11.1"]
[Board "2"]
[White "Wang, Chen"]
[Black "Inarkiev, Ernesto"]
[Result "1/2-1/2"]
[WhiteTitle "IM"]
[BlackTitle "GM"]
[WhiteElo "2500"]
[BlackElo "2706"]
[WhiteTeam "Chongqing"]
[BlackTeam "Qingdao"]
[WhiteFideId "8601020"]
[BlackFideId "4162722"]
[EventDate "2015.04.10"]

1. e4 c5 2. Nf3 d6 3. Bb5+ Bd7 4. Bxd7+ Qxd7 5. O-O Nf6 6. Re1 Nc6 7. c3 e6 8.
d4 cxd4 9. cxd4 d5 10. e5 Ne4 11. Nbd2 Nxd2 12. Bxd2 Be7 13. Rc1 O-O 14. Rc3
Rac8 15. a3 Rc7 16. Rd3 Rfc8 17. h4 b5 18. h5 b4 19. Nh2 a5 20. Ng4 Qd8 21. Bf4
Kh8 22. Rf3 Nb8 23. Qd3 Qe8 24. Nf6 gxf6 25. exf6 Bf8 26. Rg3 Rc4 27. Qd1 Bc5
28. Bh6 Rxd4 29. Bg7+ Kg8 30. Bh6+ Kh8 31. Qb1 Nd7 32. Bg7+ Kg8 33. Bh6+ Kh8 34.
Bg7+ Kg8 35. Bh6+ Kh8 36. Qd1 Nb8 37. Bg7+ Kg8 38. Bh6+ Kh8 39. Qb1 Nd7 40. Bg7+
Kg8 41. Bh6+ Kh8 42. Bg7+ Kg8 43. Bh6+ 1/2-1/2

[Event "TCh-CHN 2015"]
[Site "China CHN"]
[Date "2015.07.27"]
[Round "11.1"]
[Board "3"]
[White "Bu, Xiangzhi"]
[Black "Ma, Zhonghan"]
[Result "1-0"]
[WhiteTitle "GM"]
[BlackTitle "IM"]
[WhiteElo "2681"]
[BlackElo "2468"]
[WhiteTeam "Chongqing"]
[BlackTeam "Qingdao"]
[WhiteFideId "8601445"]
[BlackFideId "8607206"]
[EventDate "2015.04.10"]

1. Nf3 Nf6 2. c4 c5 3. Nc3 e6 4. g3 b6 5. Bg2 Bb7 6. O-O Be7 7. d4 cxd4 8. Qxd4
d6 9. Bg5 a6 10. Bxf6 Bxf6 11. Qf4 O-O 12. Rfd1 Be7 13. Ne4 Bxe4 14. Qxe4 Ra7
15. Nd4 Rc7 16. b3 Rc5 17. a4 Qc8 18. Qb1 Nd7 19. Ra2 Rd8 20. Rc2 Ne5 21. h3 Rc7
22. e3 Bf8 23. Qa2 d5 24. cxd5 exd5 25. Rxc7 Qxc7 26. Qe2 a5 27. Nb5 Qc5 28. Qh5
f6 29. Qf5 Kh8 30. Be4 Ng6 31. Kg2 Qe7 32. Rxd5 Rxd5 33. Qxd5 Ne5 34. Nd4 g6 35.
Ne6 Nd7 36. Nxf8 Nxf8 37. Qc6 Qe6 38. Qb7 Nd7 39. Bc6 Ne5 40. Bd5 Qd6 41. Qa8+
Kg7 42. f4 Nd7 43. Kf3 Qb8 44. Qxb8 Nxb8 45. Ke4 Kf8 46. Bc4 Nc6 47. Kd5 Ne7+
48. Kd6 Nf5+ 49. Kc6 Nxg3 50. Kxb6 h5 51. Kxa5 g5 52. fxg5 fxg5 53. Kb6 1-0

[Event "TCh-CHN 2015"]
[Site "China CHN"]
[Date "2015.07.27"]
[Round "11.1"]
[Board "4"]
[White "Gunina, Valentina"]
[Black "Huang, Qian"]
[Result "1/2-1/2"]
[WhiteTitle "GM"]
[BlackTitle "WGM"]
[WhiteElo "2528"]
[BlackElo "2473"]
[WhiteTeam "Qingdao"]
[BlackTeam "Chongqing"]
[WhiteFideId "4167570"]
[BlackFideId "8602689"]
[EventDate "2015.04.10"]

1. d4 d5 2. c4 c6 3. Nf3 Nf6 4. Nc3 dxc4 5. a4 Bf5 6. Ne5 Nbd7 7. Nxc4 Nb6 8.
Ne5 a5 9. g3 e6 10. Bg2 Bb4 11. O-O O-O 12. e3 h6 13. Qe2 Nbd7 14. e4 Bh7 15.
Nxd7 Nxd7 16. Rd1 Qe7 17. Be3 Rfd8 18. Rac1 Rac8 19. Bh3 Ra8 20. d5 exd5 21.
exd5 Nf6 22. dxc6 bxc6 23. Qc4 Bxc3 24. bxc3 Rxd1+ 25. Rxd1 Qe4 26. Qd4 Qxd4 27.
Rxd4 Rb8 28. Kf1 c5 29. Rd6 Ne4 30. Rd7 Nxc3 31. Bxc5 Be4 32. Ke1 Nxa4 33. Ba7
Rb1+ 34. Kd2 Nb6 35. Rd4 Rb2+ 36. Ke3 f5 37. Rd8+ Kf7 38. Bf1 Ke7 39. Rg8 Kf7
40. Rd8 Ke7 41. Rg8 Kf7 42. Rh8 Rb3+ 43. Kd4 Rb4+ 44. Kc5 Nd7+ 45. Kd6 Nf6 46.
Bc5 Rb7 47. Bc4+ Kg6 48. Be6 a4 49. h3 Rb1 50. f4 Bd5 51. Bc8 Bb7 52. Be6 Bd5
53. Bc8 Bb7 54. Be6 Bd5 1/2-1/2

[Event "TCh-CHN 2015"]
[Site "China CHN"]
[Date "2015.07.27"]
[Round "11.1"]
[Board "5"]
[White "Zhou, Guijue"]
[Black "Tan, Zhongyi"]
[Result "0-1"]
[WhiteTitle "WIM"]
[BlackTitle "WGM"]
[WhiteElo "2175"]
[BlackElo "2487"]
[WhiteTeam "Qingdao"]
[BlackTeam "Chongqing"]
[WhiteFideId "8602905"]
[BlackFideId "8603642"]
[EventDate "2015.04.10"]

1. e4 d6 2. d4 Nf6 3. Nc3 g6 4. Nf3 Bg7 5. h3 O-O 6. Be3 a6 7. a4 b6 8. Bd3 Bb7
9. O-O Nbd7 10. Qd2 e5 11. d5 c6 12. dxc6 Bxc6 13. Rfd1 Qc7 14. Bh6 Nc5 15. Bxg7
Kxg7 16. Qe2 Bb7 17. g3 Rfe8 18. b4 Nxd3 19. Qxd3 d5 20. Nd2 dxe4 21. Ndxe4 Red8
22. Qe2 Rd4 23. Nxf6 Qxc3 24. Ng4 Re4 25. Qd2 Qf3 26. Ne3 Rd4 0-1

[Event "TCh-CHN 2015"]
[Site "China CHN"]
[Date "2015.07.27"]
[Round "11.2"]
[Board "2"]
[White "Zhang, Ziji"]
[Black "Yu, Yangyi"]
[Result "0-1"]
[BlackTitle "GM"]
[WhiteElo "2223"]
[BlackElo "2724"]
[WhiteTeam "Heibei"]
[BlackTeam "Beijing"]
[WhiteFideId "8609470"]
[BlackFideId "8603820"]
[EventDate "2015.04.10"]

1. d4 Nf6 2. c4 g6 3. Nc3 Bg7 4. e4 O-O 5. Nf3 c6 6. Be2 d6 7. O-O Na6 8. Rb1 e5
9. d5 Nc5 10. Nd2 a5 11. b3 Bd7 12. Re1 Bh6 13. Bf1 Rc8 14. a3 cxd5 15. cxd5 Ng4
16. g3 Qf6 17. Qf3 Nd3 18. Bxd3 Rxc3 19. Qxf6 Nxf6 20. Bf1 Rfc8 21. Rd1 Bg4 22.
Re1 Rc2 23. h3 Bd7 24. Rd1 b5 25. Bd3 R2c3 26. Be2 Kf8 0-1

[Event "TCh-CHN 2015"]
[Site "China CHN"]
[Date "2015.07.27"]
[Round "11.2"]
[Board "3"]
[White "Wang, Rui"]
[Black "Wang, Yiye"]
[Result "1/2-1/2"]
[WhiteTitle "GM"]
[BlackTitle "IM"]
[WhiteElo "2403"]
[BlackElo "2433"]
[WhiteTeam "Heibei"]
[BlackTeam "Beijing"]
[WhiteFideId "8601003"]
[BlackFideId "8606021"]
[EventDate "2015.04.10"]

1. e4 e6 2. d4 d5 3. exd5 exd5 4. Bd3 Bd6 5. c3 Nf6 6. Nf3 O-O 7. O-O Bg4 8. Bg5
Nbd7 9. Nbd2 c6 10. Qc2 Qc7 11. Bh4 Bh5 12. Rfe1 Rfe8 13. Bg3 Bxg3 14. hxg3 Bg6
15. Kf1 Qb6 16. Bxg6 hxg6 17. Kg1 Qc7 18. Kf1 Qb6 19. Kg1 Qc7 20. Kf1 Qb6 1/2-1/2

[Event "TCh-CHN 2015"]
[Site "China CHN"]
[Date "2015.07.27"]
[Round "11.2"]
[Board "4"]
[White "Harika, Dronavalli"]
[Black "Zhai, Mo"]
[Result "1-0"]
[WhiteTitle "GM"]
[BlackTitle "WIM"]
[WhiteElo "2508"]
[BlackElo "2324"]
[WhiteTeam "Beijing"]
[BlackTeam "Heibei"]
[WhiteFideId "5015197"]
[BlackFideId "8600201"]
[EventDate "2015.04.10"]

1. Nf3 Nf6 2. c4 e6 3. g3 d5 4. d4 Be7 5. Bg2 O-O 6. O-O dxc4 7. Qc2 a6 8. a4
Bd7 9. Qxc4 Bc6 10. Bf4 Nbd7 11. Nc3 Nb6 12. Qd3 Nbd5 13. Bg5 Nxc3 14. bxc3 b6
15. Bxf6 Bxf6 16. Ng5 Bxg5 17. Bxc6 Rb8 18. Qxa6 Qd6 19. Qc4 e5 20. e3 Rbd8 21.
a5 bxa5 22. Rxa5 Bf6 23. Bg2 Rb8 24. Rd5 Qe6 25. Qxc7 Rfc8 26. Qa7 Ra8 27. Qd7
Rxc3 28. dxe5 Be7 29. Bh3 Qxd7 30. Rxd7 Kf8 31. Rb1 Rd8 32. Rbb7 Rxd7 33. Bxd7
Bd8 34. Bh3 Rc7 35. Rb5 Ke7 36. Rd5 Ra7 37. Kg2 Ke8 38. e6 fxe6 39. Bxe6 Ba5 40.
Rb5 Ke7 41. Bd5 Kf6 42. h3 Bd2 43. Rb6+ Ke5 44. Bg8 1-0

[Event "TCh-CHN 2015"]
[Site "China CHN"]
[Date "2015.07.27"]
[Round "11.2"]
[Board "5"]
[White "Wang, Jue"]
[Black "Wang, Doudou"]
[Result "1-0"]
[WhiteTitle "WGM"]
[BlackTitle "WIM"]
[WhiteElo "2365"]
[BlackElo "2205"]
[WhiteTeam "Beijing"]
[BlackTeam "Heibei"]
[WhiteFideId "8604070"]
[BlackFideId "8603197"]
[EventDate "2015.04.10"]

1. e4 e5 2. Nf3 Nc6 3. Bb5 Nf6 4. d3 d6 5. c3 Bd7 6. O-O g6 7. Re1 Bg7 8. Bg5 h6
9. Bh4 O-O 10. Nbd2 Qe8 11. Nf1 a6 12. Ba4 Kh7 13. Ne3 Rc8 14. Bc2 Nh5 15. d4
Kh8 16. Nd5 f5 17. exf5 gxf5 18. dxe5 dxe5 19. Ne7 Ra8 20. Qd2 e4 21. Nxc6 Bxc6
22. Nd4 Bd5 23. f3 Qg6 24. Kh1 Rae8 25. Rad1 c6 26. b3 b5 27. fxe4 fxe4 28. Qe3
Qg4 29. Bf2 Nf4 30. Bg3 h5 31. Rf1 Ng6 32. h3 Qd7 33. Qg5 Bxd4 34. Qxg6 Bxc3 35.
Qh6+ Kg8 36. Rxf8+ Rxf8 37. Bxe4 Qg7 38. Bxd5+ cxd5 39. Qxg7+ Kxg7 40. Rxd5 Rf1+
41. Kh2 Ra1 42. Rxh5 Rxa2 43. Rc5 Bd4 44. Rd5 Be3 45. Rd3 Bc5 46. Be5+ Kg6 47.
Kg3 a5 48. Rd5 Rc2 49. Bd4 Bf8 50. Kf3 b4 51. Rxa5 Be7 52. Re5 1-0

[Event "TCh-CHN 2015"]
[Site "China CHN"]
[Date "2015.07.27"]
[Round "11.3"]
[Board "1"]
[White "Zhao, Yuanhe"]
[Black "Lou, Yiping"]
[Result "1/2-1/2"]
[BlackTitle "IM"]
[WhiteElo "2217"]
[BlackElo "2453"]
[WhiteTeam "Chengdu"]
[BlackTeam "Shanghai"]
[WhiteFideId "8609497"]
[BlackFideId "8603928"]
[EventDate "2015.04.10"]

1. d4 Nf6 2. c4 g6 3. Nc3 d5 4. Bf4 Bg7 5. e3 O-O 6. cxd5 Nxd5 7. Nxd5 Qxd5 8.
Bxc7 Na6 9. Bxa6 Qxg2 10. Qf3 Qxf3 11. Nxf3 bxa6 12. Rc1 f6 13. Rg1 Rf7 14. Ke2
Bb7 15. Rc5 e6 16. a3 Bf8 17. Rc3 Rd7 18. Rgc1 Rc8 19. Nd2 Kf7 20. f3 g5 21. Nb3
h5 22. h3 Be7 23. Na5 Ba8 24. Bg3 Rxc3 25. Rxc3 Bd8 26. b4 Bxa5 27. bxa5 Bb7 28.
Rc7 Rxc7 29. Bxc7 f5 30. Kf2 1/2-1/2

[Event "TCh-CHN 2015"]
[Site "China CHN"]
[Date "2015.07.27"]
[Round "11.3"]
[Board "2"]
[White "Xu, Xiangyu CHN"]
[Black "Zhou, Jianchao"]
[Result "1/2-1/2"]
[BlackTitle "GM"]
[WhiteElo "2243"]
[BlackElo "2578"]
[WhiteTeam "Chengdu"]
[BlackTeam "Shanghai"]
[WhiteFideId "8608288"]
[BlackFideId "8603537"]
[EventDate "2015.04.10"]

1. e4 c6 2. d4 d5 3. Nc3 dxe4 4. Nxe4 Bf5 5. Ng3 Bg6 6. Nh3 Nf6 7. Nf4 e5 8.
Nxg6 hxg6 9. dxe5 Qa5+ 10. Bd2 Qxe5+ 11. Qe2 Qxe2+ 12. Bxe2 Nbd7 13. O-O-O Bc5
14. f4 O-O-O 15. Bf3 Rde8 16. Rde1 Rxe1+ 17. Bxe1 Nb6 18. Ne4 Nxe4 19. Bxe4 Nc4
20. Bd3 Be3+ 21. Kb1 Nd2+ 22. Bxd2 Bxd2 23. g3 Be3 24. c3 Bf2 25. Be4 Re8 26.
Bf3 Re1+ 27. Rxe1 Bxe1 28. Kc2 Bf2 29. Kd2 Bg1 30. Ke2 1/2-1/2

[Event "TCh-CHN 2015"]
[Site "China CHN"]
[Date "2015.07.27"]
[Round "11.3"]
[Board "3"]
[White "Liu, Guanchu"]
[Black "Xu, Yi"]
[Result "1/2-1/2"]
[WhiteTitle "IM"]
[BlackTitle "FM"]
[WhiteElo "2379"]
[BlackElo "2356"]
[WhiteTeam "Chengdu"]
[BlackTeam "Shanghai"]
[WhiteFideId "8603901"]
[BlackFideId "8605564"]
[EventDate "2015.04.10"]

1. e4 c5 2. f4 Nc6 3. Be2 g6 4. Nf3 Bg7 5. O-O d5 6. d3 dxe4 7. dxe4 Bg4 8. Qe1
Nf6 9. Nc3 Nd4 10. e5 Nxc2 11. Qg3 Bxf3 12. exf6 Bxf6 13. Qxf3 Nxa1 14. Bb5+ Kf8
15. Qe2 Qb6 16. Bc4 Bd4+ 17. Kh1 e6 18. f5 exf5 19. Bh6+ Bg7 20. Qe5 Rg8 21. Qd5
Qe6 22. Qxb7 Qe8 23. Be3 Bd4 24. Re1 Rg7 25. Bd2 Qb8 26. Qe7+ Kg8 27. Bf4 Qd8
28. Qxd8+ Rxd8 29. Rxa1 g5 30. Bc7 Rd7 31. Re1 Rg6 32. Re8+ Kg7 33. Be5+ Kh6 34.
h3 f4 35. Bb5 Rb7 36. Bd3 Bxe5 37. Rxe5 Rd6 38. Be4 Rxb2 39. Rxc5 Rd7 40. Kg1 f6
41. a4 Kg7 42. a5 h5 43. h4 g4 44. Rxh5 Rdd2 45. Rd5 Rxd5 46. Nxd5 Ra2 1/2-1/2

[Event "TCh-CHN 2015"]
[Site "China CHN"]
[Date "2015.07.27"]
[Round "11.3"]
[Board "4"]
[White "Ju, Wenjun"]
[Black "Ren, Xiaoyi"]
[Result "1-0"]
[WhiteTitle "GM"]
[WhiteElo "2557"]
[BlackElo "2211"]
[WhiteTeam "Shanghai"]
[BlackTeam "Chengdu"]
[WhiteFideId "8603006"]
[BlackFideId "8608709"]
[EventDate "2015.04.10"]

1. c4 Nf6 2. Nf3 c6 3. d4 d5 4. e3 g6 5. Nc3 Bg7 6. Be2 O-O 7. O-O dxc4 8. Bxc4
Bg4 9. Be2 Nbd7 10. e4 Bxf3 11. Bxf3 e5 12. d5 cxd5 13. exd5 Ne8 14. d6 Nb6 15.
Ne4 h6 16. Qb3 Kh7 17. Rd1 f5 18. Nc5 Rf6 19. d7 Nd6 20. Rxd6 Rxd6 21. Nxb7 Qxd7
22. Nxd6 e4 23. Nxe4 fxe4 24. Bxe4 Re8 25. f3 Qd4+ 26. Be3 Qxb2 27. Qxb2 Bxb2
28. Rd1 Re6 29. h4 Kg7 30. g4 Be5 31. Kg2 Re7 32. Rc1 Rc7 33. Rxc7+ Bxc7 34. f4
a5 35. Bd4+ Kf7 36. Kf3 Nd7 37. Bd5+ Ke7 38. Bg7 Nf6 39. Bc4 h5 40. g5 Ne8 41.
Be5 Bb6 42. Bd3 Kf7 43. f5 gxf5 44. Bxf5 Ng7 45. Bd3 Bc5 46. Kf4 Ne6+ 47. Ke4
Nf8 48. Bg3 Ng6 49. Be2 Bb4 50. Bxh5 Kg7 51. Be2 Bd2 52. Kf5 Ne7+ 53. Kg4 Nd5
54. Be5+ Kf8 55. h5 Ne3+ 56. Kf3 Nf5 57. Bf6 Kg8 58. Bd3 1-0

[Event "TCh-CHN 2015"]
[Site "China CHN"]
[Date "2015.07.27"]
[Round "11.3"]
[Board "5"]
[White "Zhang, Xiaowen"]
[Black "Li, Yunshan"]
[Result "1-0"]
[WhiteTitle "WGM"]
[BlackTitle "WFM"]
[WhiteElo "2349"]
[BlackElo "1916"]
[WhiteTeam "Shanghai"]
[BlackTeam "Chengdu"]
[WhiteFideId "8603219"]
[BlackFideId "8607664"]
[EventDate "2015.04.10"]

1. e4 c5 2. Nf3 e6 3. d4 cxd4 4. Nxd4 Nc6 5. Nc3 Qc7 6. Be2 a6 7. O-O b5 8. Nxc6
dxc6 9. Qd3 Bb7 10. Rd1 Nf6 11. Bg5 Be7 12. e5 Nd5 13. Bxe7 Qxe7 14. Ne4 O-O 15.
c4 Nf4 16. Qe3 Nxe2+ 17. Qxe2 c5 18. Nd6 Bc6 19. Qe3 bxc4 20. Rac1 Bd5 21. Nxc4
Qb7 22. b3 Bxg2 23. Nd6 Qf3 24. Qxf3 Bxf3 25. Rd3 Bd5 26. Rxc5 a5 27. Rd4 Ra6
28. Ra4 Rfa8 29. b4 Rb8 30. b5 Ra7 31. b6 Raa8 32. Nc4 g6 33. Ne3 Rxb6 34. Nxd5
exd5 35. Rxd5 Rba6 36. f4 Kf8 37. Kf2 Ke7 38. Kf3 f6 39. Kg4 h5+ 40. Kf3 Ke6 41.
Rb5 R8a7 42. h4 Kf5 43. Rd4 Ke6 44. Ra4 Kf5 45. Re4 Ke6 46. exf6+ Kxf6 47. f5
gxf5 48. Rf4 Kg6 49. Rfxf5 Rf6 50. Rxf6+ Kxf6 51. Rxh5 Kg6 52. Rg5+ Kf6 53. a4
Ra8 54. Rc5 Kg6 55. h5+ Kf6 56. Kf4 Ra6 57. Ke4 Ke6 58. Kd4 Kd6 59. h6 Ra7 60.
Rh5 Ra8 61. h7 Rh8 62. Kc4 Kc6 63. Rh6+ Kb7 64. Kb5 Ka7 65. Kxa5 Kb7 66. Kb5 Kc7
67. Kc5 1-0